Acteur Artistes martiaux au cinéma en image - Statistiques

Statistiques générales
  • Ce quiz a été pris 20 fois
  • Le résultat moyen est 7 sur 14
Statistiques - réponses
Par images Réponse % Correct
Jackie Chan
100%
Jean-Claude Van Damme
100%
Bruce Lee
89%
Chuck Norris
89%
Jet Li
72%
Hwang Jang-Lee
61%
Michelle Yeoh
50%
Sammo Hung
33%
tony jaa
33%
Donnie Yen
28%
Gordon Liu
11%
Yanin Vismitananda (Jeeja)
6%
Sonny Chiba
0%
Yasuaki Kurata
0%
Aucun quiz correspondant
Distribution des résultats
% des personnes avec chaque résultat
Percentile par nombre de réponses
Votre historique - résultats
Vous n’avez pas pris ce quiz